000 00239nam a22000977a 4500
999 _c517010
_d517010
082 _aTNC AA B469
100 _aBhargava,K.N.
_924080
245 _aRoad to happiness
_cBy K.N. Bhargava
260 _aDelhi
_bV.K. Bhargava
_c1995
300 _a101p.